Statistics for Overseas Territories of The Netherlands

Click here to take the quiz!

General Stats

  • This quiz has been taken 180 times
  • The average score is 5 of 6

Answer Stats

Hint Answer % Correct
Aruba
97%
Curacao
92%
Bonaire
85%
Sint maarten
83%
Saba
75%
Sint Eustatius
67%

Score Distribution

Percentile by Number Answered

Percent of People with Each Score

Your Score History

You have not taken this quiz